Personnages célèbres - Série 62 - Statistiques

Statistiques générales
  • Ce quiz a été pris 100 fois
  • Le résultat moyen est 6 sur 15
Statistiques - réponses
Par images Hint Réponse % Correct
Amy - chanson Winehouse
81%
Romain - cinéma Duris
80%
Virginie - cinéma Efira
79%
Henri - tennis Leconte
73%
Pierre - cinéma Niney
70%
Sofia - cinéma Essaidi
48%
Emmanuelle - cinéma Devos
41%
Louis - cinéma Garrel
35%
Zoé - cinéma Félix
34%
Anaïs - cinéma Demoustier
20%
René - politique Monory
16%
Catherine - cinéma Marchal
13%
Karole - cinéma Rocher
12%
Paul - médecin-politique Bert
9%
Serge - cinéma Riaboukine
7%
Aucun quiz correspondant
Distribution des résultats
% des personnes avec chaque résultat
Percentile par nombre de réponses
Votre historique - résultats
Vous n’avez pas pris ce quiz